Top 50 Baby Girl Names Beginning with Z - Statistics

General Stats
  • This quiz has been taken 104 times
  • The average score is 20 of 50
Answer Stats
Hint Answer % Correct
2 Zoe
96%
1 Zoey
96%
16 Zoie
96%
29 Zaira
90%
28 Zarah
90%
7 Zahra
89%
3 Zara
89%
46 Zena
62%
12 Zora
59%
6 Zelda
56%
47 Zari
51%
25 Zia
51%
35 Ziya
51%
48 Ziyah
51%
14 Zola
51%
41 Zaniya
46%
10 Zaniyah
46%
18 Zhuri
44%
4 Zuri
44%
11 Zaria
42%
5 Zariah
42%
9 Zariyah
42%
32 Zella
42%
20 Zion
39%
30 Zinnia
38%
31 Zaina
34%
42 Zayna
34%
27 Zadie
32%
17 Zendaya
32%
40 Zelie
28%
22 Zahara
25%
15 Zainab
25%
26 Zaya
25%
8 Zaylee
25%
49 Zayleigh
25%
34 Zaynab
25%
33 Zeynep
25%
19 Zayla
24%
43 Zofia
24%
24 Zyla
21%
36 Zylah
21%
13 Zoya
18%
21 Ziva
17%
39 Zaida
10%
37 Zayda
10%
50 Zyra
7%
45 Zamira
3%
23 Zhavia
3%
38 Zamora
0%
44 Zulema
0%
No matching quizzes found
Score Distribution
Percent of People with Each Score
Percentile by Number Answered
Your Score History
You have not taken this quiz